000 01210nam a22003377a 4500
003 CHAP
005 20220329134333.0
008 971013s1977 cr r 00010 spa d
010 _a18979
011 _a19951
035 _a24038
040 _cCHAP
082 0 0 _a630.16
_bC4
110 1 _aCentro Interamericano de Documentación e Información Agrícola
_921178
245 1 _aBanco de datos de bibliografías agrícolas de América Latina y el Caribe
260 _aSan José :
_bIICA,
_c1977
300 _av.
490 _aDocumentación e información agrícola
500 _aSup. No. 1. San José, IICA, 1978
590 _aBATCH-UPD
_b10
_c20130110
_lUCH01
_h2018
590 _aBATCH-UPD
_b10
_c20130410
_lUCH01
_h1336
590 _aBATCH-UPD
_b10
_c20130914
_lUCH01
_h1216
590 _aCONVERSION
_b10
_c20130109
_lUCH01
_h1311
650 1 4 _aAgricultura
_xBibliografia.
_91321
710 0 _aInstituto Interamericano de Ciencias Agrícolas de la OEA.
_959209
830 0 _aDocumentación e información agrícola
_933183
901 _aBK
942 _cLIBRO
949 _a630.16 C4
_bBC
_cC
_d33724000499554
_eC
_h47956
_i24038
_mD
_si
949 _a630.16 C4
_bBC
_cC
_d33724000499661
_eC
_fSupl.1
_h47957
_i24038
_si
999 _c18979
_d18979